Crime and the Criminal Law (Record no. 1451450)

MARC details
000 -LEADER
fixed length control field 00590nam a2200217Ia 4500
005 - DATE AND TIME OF LATEST TRANSACTION
control field 20250923145439.0
008 - FIXED-LENGTH DATA ELEMENTS--GENERAL INFORMATION
fixed length control field 008 250917s9999 xx 000 0 eng d
037 ## - SOURCE OF ACQUISITION
Stock number Textual
040 ## - CATALOGING SOURCE
Original cataloging agency DSWL
Language of cataloging eng
Transcribing agency DSWL
041 ## - LANGUAGE CODE
Language code of text/sound track or separate title eng
Source of code eng
084 ## - COLON CLASSIFICATION NUMBER
Classification number Y:45:5:(Z), N65
Assigning agency DSWL
100 ## - MAIN ENTRY--PERSONAL NAME
Personal name Wootton, B.
9 (RLIN) 835399
245 #0 - TITLE STATEMENT
Title Crime and the Criminal Law
Statement of responsibility, etc. by B.Wootton
250 ## - EDITION STATEMENT
Edition statement 1st
260 ## - PUBLICATION, DISTRIBUTION, ETC.
Place of publication, distribution, etc. London
Name of publisher, distributor, etc. Stevens & Sons
Date of publication, distribution, etc. 1963
300 ## - PHYSICAL DESCRIPTION
Extent viii,118 p.
365 ## - TRADE PRICE
Price type code INR
Price amount 43.15
925 ## -
-- 43.15
942 ## - ADDED ENTRY ELEMENTS (KOHA)
Koha item type Textual
Classification part Y:45:5:(Z), N65
Holdings
Withdrawn status Lost status Damaged status Not for loan Home library Current library Date acquired Source of acquisition Inventory number Total Checkouts Full call number Barcode Date last seen Price effective from Koha item type
        Department of Social Work Library Department of Social Work Library 2025-09-23 N.M. Tripathi Pvt. Ltd. Bombay 7455 20/02/1978   Y:45:5:(Z), N65 SW0018851 2025-09-23 2025-09-23 Textual
Copyright @ Delhi University Library System